000 01366nam a22002777a 4500
001 EPSA 0271
003 gtcocun
005 20250919165827.0
006 a||||gr|||| 00| 0
007 ta
008 250919b2024 gt ||||| m||| 00| 0 eng d
040 _agtcocun
_bSPA
_cgtcocun
_eRDA
041 _aSPA EPSA 0271
084 _0EPSA 0271
100 _aMacz Yat, Jonatan Adiel
_eAutor
245 _aINFORME FINAL DEL EJERCICIO PROFESIONAL SUPERVISADO, REALIZADO EN HOTEL VILLA LAS CABAÑUELAS, COBÁN, ALTA VERAPAZ/
_cJonatan Adiel Macz Yat.
_hImpreso
264 _aCobán, Alta Verapaz:
_bUniversidad de San Carlos de Guatemala, Centro Universitario del Norte, Licenciatura Administración de Empresas
_c2024
300 _a62 p.:
_bIlustraciones, gráficas.
_c28 cm;
502 _eEPSA 0271
502 _aEjercicio Profesional Supervisado
_bLicenciatura en Administración de Empresas,
_cUniversidad de San Carlos de Guatemala, Centro Universitario del Norte, Licenciatura en Administración de Empresas
_d2024
_oEPSA 0271
650 _2LEMB
_aCobán, Alta Verapaz
_xAdministración
_xSoluciones
_xPlanificación
_xObjetivos
_xMejora
_xContinuidad
700 _aM.A. María Mercedes Juárez Richter
_eAsesor
856 _uSin archivo en línea.
_zSin archivo en línea.
942 _2ddc
_cTES
_iEPSA 0271
_kClasificación
_n0
_6EPSA_0271_000000000000000
999 _c1989
_d1989